Statistics for Fortnite

Click here to take the quiz!

General Stats

  • This quiz has been taken 8 times
  • The average score is 2 of 6

Answer Stats

HintAnswer% Correct
Worst StreamerNinja
86%
Worst blue weaponAR
71%
Best gunGold Pump
29%
Worst GunCommon scar
14%
Best blue weaponPistol
14%
Best streamerBengyfishy
0%

Score Distribution

Percentile by Number Answered

Percent of People with Each Score

Your Score History

You have not taken this quiz